| 000 | 00846nam a2200301 a 4500 | ||
|---|---|---|---|
| 001 | vtls000532287 | ||
| 003 | NLI | ||
| 005 | 20210603142842.0 | ||
| 008 | 110308s1936 ii 000 0 eng | ||
| 039 | 9 |
_y201103081820 _zDatasoft |
|
| 040 | 0 |
_aNLI _beng _cRetro_DSC 1 _eAACR2 |
|
| 041 | 0 | _aeng | |
| 044 | _aii | ||
| 082 | 0 | 4 | _a572 |
| 100 | 1 |
_aMazumdar, B. C. _977480 |
|
| 245 | 1 | 0 |
_aElements of social anthropology / _cby B. C. Mazumdar |
| 260 |
_aCalcutta : _bUniversity of Calcutta Press, _c1936 |
||
| 300 |
_ax, 139 p. ; _c18 cm. |
||
| 650 | 0 | _aAnthropology | |
| 650 | 0 |
_aEthnology _913438 |
|
| 710 | 2 | _aAsutosh Collection (National Library, India) | |
| 887 | _a | ||
| 901 |
_a41254 _b11.03.1969 |
||
| 902 | _aA.C 572 M 1 | ||
| 942 |
_2ddc _cBKS |
||
| 949 |
_AVIRTUAITEM _D10000 _X100 _6GAC000041254ENG |
||
| 999 |
_aVIRTUA40 _c452012 _d452012 |
||